00826nam a2200217 a 450000100060000000300080000600500170001400800410003103500190007204000350009104100080012608200240013410000170015824501100017526000790028530000380036450200850040250400340048765000540052170000330057583313BD-RjUL20240312101406.0240312s1999 bg a|||| m||| 00| 0 eng d a(BD-RjUL)83313 aBD-RjULbengcBD-RjULdBD-RjUL aeng 223a362.5bNAP 1999 aNahar, Nurun10aPoverty Alleviation in Bangladesh :bProblems and Prospects /cNurun Nahar ;6Supervisor : Solaman Mondal aRajshahi :bInstitute of Bangladesh Studies, University of Rajshahi,c1999 axix, 221 Leaves :bill, ;c29 cm. aThesis (Ph. D.) -- Institute of Bangladesh Studies, University of Rajshahi, 1999 aBibliography : Leaves 190-209 aPoverty AlleviationvSocial ProblemsxPoor People aMondal, Solaman, Supervisor